00856nam a22002417a 450000500170000001000140001702000230003102000260005403500130008003700130009308200060010610000200011224500840013226000450021627000630026130000280032465000350035265000320038770000280041994200200044799900170046795201300048420100802115413.0 aENG-97759 a0195667123c950.00 a9780195667127c950.00 aEN-81292 bDBAD/PUB aN aPremchand96128 aRangbhumi :bthe arena of life /cby Premchand ; translated by Christopher King aNew DelhibOxford University Pressc2010 aYMCA Library Building, Jai Singh Road, bNew Delhie110001 axviii, 650p.c23cm (Hb) aPeasentszIndiaxFiction96129 aCastezIndiaxFiction96130 aKing, Christopher93988 2ddccENhNmPRE c38575d38575 001040718FICaDBADbDBADd2010-08-02eDBAD/PUBg950.00l0oN PREpEN-81292r2010-08-02 00:00:00t1v950.00w2010-08-02yEN